[Event "HUN-chT2 Breyer 1617"]
[Site "Hungary"]
[Date "2016.11.13"]
[Round "2.11"]
[White "Wagner, Ildiko Reka"]
[Black "Geher, Koppany"]
[Result "0-1"]
[WhiteElo "1452"]
[BlackElo "1964"]
[PlyCount "112"]
[EventDate "2016.10.30"]
[EventType "team-tourn"]
[EventRounds "9"]
[EventCountry "HUN"]
[SourceTitle "EXT 2021"]
[Source "ChessBase"]
[SourceDate "2020.10.23"]
[SourceVersion "1"]
[SourceVersionDate "2020.10.23"]
[SourceQuality "1"]
[WhiteTeam "Vizugy"]
[BlackTeam "Budapest MTK II"]
[WhiteTeamCountry "HUN"]
[BlackTeamCountry "HUN"]

1. e4 e6 2. Nc3 d5 3. exd5 exd5 4. d4 Bb4 5. Bd2 Nc6 6. Bb5 Nge7 7. Nge2 Bg4 8. a3 Bd6 9. Be3 0-0 10. 0-0 Re8 11. Qd2 a6 12. Ba4 b5 13. Bb3 Na5 14. Ba2 c6 15. h3 Bf5 16. Bf4 Nb7 17. Rac1 h6 18. Ng3 Bg6 19. Nce2 Nf5 20. Nxf5 Bxf5 21. Ng3 Bg6 22. c3 Bxf4 23. Qxf4 Qd6 24. Qg4 Qe6 25. Qf3 Nd6 26. Bb1 Nc4 27. Bxg6 Qxg6 28. Rfd1 Nxb2 29. Rd2 Nc4 30. Ra2 Re6 31. Raa1 Rae8 32. Qf4 Qf6 33. Qg4 Qg5 34. Qf3 Rf6 35. Qd3 Qd2 36. Qf1 Rfe6 37. Kh2 a5 38. Kg1 a4 39. Kh2 Qb2 40. Kg1 Nxa3 41. Nf5 Nc4 42. Rab1 Qd2 43. Ng3 Na3 44. Ra1 Nc2 45. Ra2 Re1 46. Raxc2 Rxf1+ 47. Nxf1 Qd3 48. Rd2 Qc4 49. Rb2 Re2 50. Rxe2 Qxe2 51. Ne3 Qb2 52. Rc2 Qb1+ 53. Kh2 a3 54. Rd2 a2 55. Nc2 a1Q 56. Nxa1 Qxa1 0-1

[Event "HUN-chT2 Breyer 1516"]
[Site "Hungary"]
[Date "2016.02.28"]
[Round "8.11"]
[White "Balogh, Szabolcs"]
[Black "Wagner, Ildiko Reka"]
[Result "1-0"]
[WhiteElo "1759"]
[BlackElo "1452"]
[PlyCount "71"]
[EventDate "2015.09.13"]
[EventType "team-tourn"]
[EventRounds "11"]
[EventCountry "HUN"]
[SourceTitle "EXT 2017"]
[Source "ChessBase"]
[SourceDate "2016.10.25"]
[SourceVersion "1"]
[SourceVersionDate "2016.10.25"]
[SourceQuality "1"]
[WhiteTeam "Gyor UDSE"]
[BlackTeam "Vizugy"]
[WhiteTeamCountry "HUN"]
[BlackTeamCountry "HUN"]

1. e4 d5 2. exd5 Qxd5 3. Nc3 Qd6 4. d4 Nf6 5. Nf3 a6 6. Be3 b5 7. Qd2 Bb7 8. Be2 Nbd7 9. a3 e6 10. 0-0 Be7 11. b4 0-0 12. Ng5 h6 13. Bf3 Bxf3 14. Nxf3 Ng4 15. Rad1 Nxe3 16. Qxe3 Nf6 17. Rfe1 Nd5 18. Qd3 c6 19. Ne4 Qc7 20. c4 Nf4 21. Qc3 Rfb8 22. cxb5 axb5 23. Ne5 Rb6 24. Qf3 Bg5 25. h4 f6 26. hxg5 fxe5 27. dxe5 hxg5 28. Nxg5 Rf8 29. Qe4 g6 30. g3 Rf5 31. gxf4 Qe7 32. Rd6 Rb8 33. Red1 Re8 34. Qxc6 Ref8 35. Rd7 Qe8 36. Qb7 1-0

[Event "HUN-chT2 Breyer 1516"]
[Site "Hungary"]
[Date "2016.02.14"]
[Round "7.11"]
[White "Wagner, Ildiko Reka"]
[Black "Banszegi, Biborka"]
[Result "1-0"]
[WhiteElo "1452"]
[BlackElo "1544"]
[PlyCount "55"]
[EventDate "2015.09.13"]
[EventType "team-tourn"]
[EventRounds "11"]
[EventCountry "HUN"]
[SourceTitle "EXT 2017"]
[Source "ChessBase"]
[SourceDate "2016.10.25"]
[SourceVersion "1"]
[SourceVersionDate "2016.10.25"]
[SourceQuality "1"]
[WhiteTeam "Vizugy"]
[BlackTeam "Kisber Aszar"]
[WhiteTeamCountry "HUN"]
[BlackTeamCountry "HUN"]

1. e4 e6 2. Nc3 d5 3. exd5 exd5 4. d4 Bb4 5. Bd2 Be6 6. Nf3 Nf6 7. Bb5+ c6 8. Ba4 Qc7 9. h3 h5 10. Qe2 Nbd7 11. 0-0-0 0-0-0 12. a3 Bxc3 13. Bxc3 Ne4 14. Qe3 Rde8 15. Rhe1 f6 16. Nd2 Bf5 17. Qf3 Nxc3 18. Qxc3 g6 19. Re3 Rxe3 20. Qxe3 c5 21. Bxd7+ Kxd7 22. dxc5 Rc8 23. b4 b6 24. Nb3 bxc5 25. Rxd5+ Kc6 26. Rxc5+ Kd7 27. Rxc7+ Rxc7 28. Nc5+ 1-0

[Event "HUN-chT2 Breyer 1516"]
[Site "Hungary"]
[Date "2015.12.06"]
[Round "6.11"]
[White "Papp, Istvan"]
[Black "Wagner, Ildiko Reka"]
[Result "1-0"]
[WhiteElo "1749"]
[BlackElo "1452"]
[PlyCount "97"]
[EventDate "2015.09.13"]
[EventType "team-tourn"]
[EventRounds "11"]
[EventCountry "HUN"]
[SourceTitle "CBM 170 Extra"]
[Source "ChessBase"]
[SourceDate "2016.02.25"]
[SourceVersion "1"]
[SourceVersionDate "2016.02.25"]
[SourceQuality "1"]
[WhiteTeam "Biatorbagy"]
[BlackTeam "Vizugy"]
[WhiteTeamCountry "HUN"]
[BlackTeamCountry "HUN"]

1. e4 c5 2. Nf3 Nc6 3. d4 cxd4 4. Nxd4 e5 5. Nb5 a6 6. Nd6+ Bxd6 7. Qxd6 Qf6 8. Qd1 Nge7 9. Be3 0-0 10. Bc5 Rd8 11. Bd6 Nd4 12. Bc7 Re8 13. c3 Qc6 14. cxd4 Qxc7 15. d5 d6 16. Nc3 Bd7 17. Be2 Qb6 18. Qb3 Qxb3 19. axb3 Rac8 20. Kd2 f5 21. f3 Ng6 22. g3 Rf8 23. b4 Nh8 24. b5 axb5 25. Bxb5 Bxb5 26. Nxb5 Rcd8 27. Nc7 Rd7 28. Ne6 Re8 29. exf5 g6 30. g4 Nf7 31. Rhg1 Kh8 32. fxg6 hxg6 33. h4 Kh7 34. Ra4 Rh8 35. Rga1 Nd8 36. Ng5+ Kg7 37. Rh1 Rc7 38. Ra8 Rd7 39. Rc1 Rxh4 40. Rxd8 Rxd8 41. Ne6+ Kf6 42. Nxd8 Rh7 43. Ke3 Rd7 44. Ne6 g5 45. Rc7 Rxc7 46. Nxc7 Ke7 47. Ke4 Kf6 48. Nb5 Ke7 49. Kf5 1-0

[Event "HUN-chT2 Erkel 1415"]
[Site "Hungary"]
[Date "2015.03.22"]
[Round "8.12"]
[White "Wagner, Ildiko Reka"]
[Black "Czajner, Gabor"]
[Result "0-1"]
[WhiteElo "1460"]
[BlackElo "1672"]
[PlyCount "110"]
[EventDate "2014.09.28"]
[EventType "team-tourn"]
[EventRounds "9"]
[EventCountry "HUN"]
[SourceTitle "EXT 2016"]
[Source "ChessBase"]
[SourceDate "2015.10.08"]
[SourceVersion "1"]
[SourceVersionDate "2015.10.08"]
[SourceQuality "1"]
[WhiteTeam "Vizugy"]
[BlackTeam "Andornaktalya"]
[WhiteTeamCountry "HUN"]
[BlackTeamCountry "HUN"]

1. e4 Nf6 2. Nc3 d6 3. Nf3 g6 4. Bc4 Bg7 5. 0-0 a6 6. h3 b5 7. Bd3 Nbd7 8. Re1 Bb7 9. a3 0-0 10. b4 c5 11. Rb1 Rc8 12. Bb2 Re8 13. Bf1 e6 14. d4 Nh5 15. Qd2 Qc7 16. Ba1 Red8 17. a4 cxd4 18. Nxd4 e5 19. Nf3 bxa4 20. b5 Nc5 21. Nd5 Bxd5 22. Qxd5 Nf6 23. Qc4 axb5 24. Rxb5 Qa7 25. Qb4 Rb8 26. Bd3 Rxb5 27. Qxb5 Rb8 28. Qc4 a3 29. Nd2 Bh6 30. Nb3 Nxb3 31. cxb3 Bd2 32. Rd1 Bb4 33. Bc3 Bc5 34. Rf1 Qb6 35. Bc2 Nh5 36. Qd3 Nf4 37. Qd2 Bd4 38. Bxd4 Qxd4 39. Qa5 Rc8 40. Bb1 Qc5 41. Qa6 Rb8 42. Ba2 Ne6 43. Rd1 Nd4 44. Rb1 Nb5 45. Re1 Qc2 46. Bb1 Qxb3 47. Rc1 Nc3 48. Bc2 Qb2 49. Qf1 Ne2+ 50. Qxe2 Qxc1+ 51. Kh2 Rb2 52. Qd3 Qxc2 53. Qxa3 Qxf2 54. Qg3 Qxg3+ 55. Kxg3 Rb3+ 0-1

[Event "HUN-chT2 Erkel 1314"]
[Site "Hungary"]
[Date "2013.10.20"]
[Round "3.12"]
[White "Czajner, Gabor"]
[Black "Wagner, Ildiko Reka"]
[Result "1-0"]
[WhiteElo "1596"]
[BlackElo "1485"]
[PlyCount "103"]
[EventDate "2013.09.08"]
[EventType "team-tourn"]
[EventRounds "11"]
[EventCountry "HUN"]
[SourceTitle "EXT 2016"]
[Source "ChessBase"]
[SourceDate "2015.10.08"]
[SourceVersion "1"]
[SourceVersionDate "2015.10.08"]
[SourceQuality "1"]
[WhiteTeam "Andornaktalya"]
[BlackTeam "Vizugy"]
[WhiteTeamCountry "HUN"]
[BlackTeamCountry "HUN"]

1. d4 d5 2. Nf3 Nf6 3. Bf4 g6 4. e3 Bg7 5. h3 0-0 6. Bd3 Nc6 7. c3 e6 8. Nbd2 Nd7 9. e4 dxe4 10. Bxe4 Ne7 11. b4 f5 12. Bd3 Nd5 13. Bg5 Qe8 14. Qb3 h6 15. Bh4 Nf4 16. Bf1 Kh7 17. 0-0-0 Nb6 18. g3 Nh5 19. g4 Nf6 20. g5 Nh5 21. Re1 Bd7 22. Rg1 Ba4 23. Qxe6 Qxe6 24. Rxe6 Rae8 25. Rxe8 Rxe8 26. gxh6 Bxh6 27. Ne5 Nf4 28. Bg5 Bxg5 29. Rxg5 Kg7 30. Ndf3 Nbd5 31. Kd2 Rh8 32. h4 Rh5 33. Rg3 Kf6 34. Bc4 c6 35. Bxd5 cxd5 36. Ke3 Ne6 37. Rxg6+ Ke7 38. Ng5 Nxg5 39. hxg5 Rh7 40. Rh6 Rg7 41. Kf4 Bd7 42. Nxd7 Kxd7 43. Kxf5 Ke7 44. g6 Kf8 45. Rh8+ Rg8 46. Rxg8+ Kxg8 47. Kf6 Kf8 48. f4 Kg8 49. f5 Kf8 50. g7+ Kg8 51. Kg6 b5 52. f6 1-0

[Event "HUN-chT2 Erkel 1112"]
[Site "Hungary"]
[Date "2011.11.27"]
[Round "4.12"]
[White "Wagner, Ildiko Reka"]
[Black "Der, Agoston"]
[Result "0-1"]
[WhiteElo "1629"]
[BlackElo "1801"]
[PlyCount "114"]
[EventDate "2011.09.25"]
[EventType "team-tourn"]
[EventRounds "11"]
[EventCountry "HUN"]
[SourceTitle "EXT 2013"]
[Source "ChessBase"]
[SourceDate "2012.11.22"]
[SourceVersion "1"]
[SourceVersionDate "2012.11.22"]
[SourceQuality "1"]
[WhiteTeam "Vizugy"]
[BlackTeam "Vaci"]
[WhiteTeamCountry "HUN"]
[BlackTeamCountry "HUN"]

1. e4 e6 2. Nf3 d5 3. exd5 exd5 4. d4 Bd6 5. Nc3 c6 6. Bd3 Nf6 7. 0-0 0-0 8. Bg5 Bg4 9. Be2 Nbd7 10. Nh4 Bxe2 11. Qxe2 Qb6 12. Nf5 Bb4 13. Qf3 Rfe8 14. Qg3 g6 15. Bh6 Bf8 16. Bg5 Kh8 17. Nh4 Qxd4 18. Kh1 Qg4 19. Rad1 Qxg3 20. fxg3 Bg7 21. Nf3 Kg8 22. Nd4 Ne4 23. Nxe4 Rxe4 24. c3 Rae8 25. Nb3 Re2 26. Bc1 Nb6 27. Na5 R8e7 28. Kg1 Na4 29. Rf2 Nc5 30. Bd2 Rxf2 31. Kxf2 Nd3+ 32. Kf1 Nxb2 33. Rb1 Nc4 34. Nxc4 dxc4 35. Rb4 b5 36. a4 a6 37. axb5 cxb5 38. Rb1 Rd7 39. Be1 Rd3 40. Rc1 a5 41. Rb1 Bxc3 42. Bxc3 Rxc3 43. Rxb5 a4 44. Ra5 a3 45. Ra4 Rb3 46. Rxc4 a2 47. Ra4 Rb1+ 48. Kf2 a1Q 49. Rxa1 Rxa1 50. h4 f5 51. Ke3 Kf7 52. Kf2 Kf6 53. g4 fxg4 54. Kg3 Kf5 55. Kh2 Ra3 56. Kh1 g3 57. Kg1 Ra1# 0-1